• 首页
  • 本馆介绍
  • 公告通知
  • 最新文献
  • 馆藏检索
  • 电子资源
  • 读者导购
  • 参考咨询
  • 我的图书馆
  • 登录
  • 详细信息显示
  • 放入我的书架
  • 预约/预借图书
  • 作者相关作品
  • 分类相关作品
  • 丛书相关作品
  • 出版社相关作品

书目信息

  • 表格格式
  • 工作单格式
  • 卡片格式
题名:
外国宫廷文化集观
    
 
作者: 宋瑞芝 主编
分册:  
出版信息: 武汉   长江文艺出版社  2000.01
页数: 542页
开本: 32开
丛书名:
单 册:
中图分类: G112
科图分类:
主题词: 文化事业--世界
电子资源:
ISBN: 7-5354-1977-1
000 00568nam0 2200193 45
001 0204221462
005 20031219104054.8
010    @a7-5354-1977-1@b精装@dCNY32.00
100    @a20020422d2000 km y0chiy0120 ea
101 0  @achi
105    @af z 000yy
200 1  @a外国宫廷文化集观@AWai Guo Gong Ting Wen Hua Ji Guan@f宋瑞芝主编@FSong Rui Zhi Zhu Bian
210    @a武汉@c长江文艺出版社@d2000.01
215    @a542页@c图版@d32开
606 0  @a文化事业@x世界
690    @aG112@v4
701    @a宋瑞芝@4主编
801    @aCN@bTSTC@c20020422
905    @b308781-783@dG112@e2@f3
    
    外国宫廷文化集观/宋瑞芝主编.-武汉:长江文艺出版社,2000.01
    542页:图版;32开
    
    
    ISBN 7-5354-1977-1(精装):CNY32.00
    
●
相关链接 在E读中查询图书 在五车中查询图书 在当当中查询图书 在豆瓣中查询图书


正题名:外国宫廷文化集观     索取号:G112/2         预约/预借

序号 登录号 条形码 馆藏地/架位号 状态 备注
1 0308781   203087818   第四借阅区/ [索取号:G112/2] 在馆    
2 0308782   203087827   第四借阅区/ [索取号:G112/2] 在馆    
3 0308783   203087836   第一样本阅览室/ [索取号:G112/2] 在馆    
唐山师范学院图书馆 欢迎您!
大连网信软件有限公司© 版权所有